Central Library OPAC University of Rajshahi

Descent from glory : (Record no. 23553)

MARC details
000 -LEADER
fixed length control field 00788nam a2200253 a 4500
001 - CONTROL NUMBER
control field 23553
003 - CONTROL NUMBER IDENTIFIER
rucl marc code BD-RjUL
005 - DATE AND TIME OF LATEST TRANSACTION
control field 20211209000937.0
008 - FIXED-LENGTH DATA ELEMENTS--GENERAL INFORMATION
fixed length control field 140311s1983 nyuaf b 001 0 eng
020 ## - INTERNATIONAL STANDARD BOOK NUMBER
International Standard Book Number 0195031725 :
035 ## - SYSTEM CONTROL NUMBER
System control number (BD-RjUL)23618
040 ## - CATALOGING SOURCE
Original cataloging agency DLC
Transcribing agency DLC
Modifying agency OCoLC
-- DLC
-- BD-RjUL
Language of cataloging eng
041 ## - LANGUAGE CODE
Language code of text/sound track or separate title eng
082 00 - DEWEY DECIMAL CLASSIFICATION NUMBER
Classification number 929.20973
Edition number 19
Author mark and year NAD 1983
100 1# - MAIN ENTRY--PERSONAL NAME
Personal name Nagel, Paul C.
9 (RLIN) 72499
245 10 - TITLE STATEMENT
Title Descent from glory :
Remainder of title four generations of the John Adams family /
Statement of responsibility, etc. Paul C. Nagel.
260 ## - PUBLICATION, DISTRIBUTION, ETC. (IMPRINT)
Place of publication, distribution, etc. New York :
Name of publisher, distributor, etc. Oxford University Press,
Date of publication, distribution, etc. 1983.
300 ## - PHYSICAL DESCRIPTION
Pagination xiv, 400 p., [17] p. of plates :
Illustrations ill. ;
Size 24 cm.
504 ## - BIBLIOGRAPHY, ETC. NOTE
Bibliography, etc Includes bibliographical references and index.
600 30 - SUBJECT ADDED ENTRY--PERSONAL NAME
Personal name Adams family.
942 ## - ADDED ENTRY ELEMENTS (KOHA)
Source of classification or shelving scheme Dewey Decimal Classification
Koha item type Books
Holdings
Lost status Source of classification or shelving scheme Damaged status Not for loan Collection code Permanent Location Current Location Shelving location Date acquired Source of acquisition Total Checkouts Full call number Date last seen Copy number Koha item type
  Dewey Decimal Classification   Added to bundle Non-fiction Central Library, University of Rajshahi Central Library, University of Rajshahi   30/06/1985 Asia Fundation   929.20973 NAD 1983 11/03/2014 C-2 Books
  Dewey Decimal Classification   Added to bundle Non-fiction Central Library, University of Rajshahi Central Library, University of Rajshahi   30/06/1985 Asia Fundation   929.20973 NAD 1983 11/03/2014 C-3 Books
  Dewey Decimal Classification   Not For Loan Non-fiction Central Library, University of Rajshahi Central Library, University of Rajshahi Reading Room 30/06/1985 Asia Foundation   929.20973 NAD 1983 29/01/2017 C-1 Books